Welcome to CU Library Online Public Access Catalogue (OPAC)

Diagnostic Picture Tests in Urology/ (Record no. 3720)

MARC details
000 -LEADER
fixed length control field 00457nam a22001577a 4500
005 - DATE AND TIME OF LATEST TRANSACTION
control field 20250209104808.0
008 - FIXED-LENGTH DATA ELEMENTS--GENERAL INFORMATION
fixed length control field 250209b |||||||| |||| 00| 0 eng d
020 ## - INTERNATIONAL STANDARD BOOK NUMBER
International Standard Book Number 0801662893
050 ## - LIBRARY OF CONGRESS CALL NUMBER
Classification number RC874 GEO
100 ## - MAIN ENTRY--PERSONAL NAME
Personal name George, N. J. R.
245 ## - TITLE STATEMENT
Title Diagnostic Picture Tests in Urology/
Statement of responsibility, etc. N. J. R. George & P. Sambrook
260 ## - PUBLICATION, DISTRIBUTION, ETC.
Place of publication, distribution, etc. St. Louis
Name of publisher, distributor, etc. Mosby Year Book
Date of publication, distribution, etc. 1991
300 ## - PHYSICAL DESCRIPTION
Extent 128p.
Other physical details ill. some color
Dimensions 18.5cm
700 ## - ADDED ENTRY--PERSONAL NAME
Personal name Sambrook, P.
942 ## - ADDED ENTRY ELEMENTS (KOHA)
Source of classification or shelving scheme Library of Congress Classification
Koha item type Books
Suppress in OPAC No
999 ## -
-- 3720
-- 3720
Holdings
Withdrawn status Lost status Source of classification or shelving scheme Damaged status Not for loan Collection Home library Current library Shelving location Date acquired Total checkouts Full call number Barcode Date last seen Copy number Price effective from Koha item type
    Library of Congress Classification     Non-fiction Science Library (Miotso) Science Library (Miotso) General stacks 02/09/2025   RC874 GEO SLM00003316 02/09/2025 1 02/09/2025 Books
    Library of Congress Classification     Non-fiction Science Library (Miotso) Science Library (Miotso) General stacks 02/09/2025   RC874 GEO SLM00003317 02/09/2025 2 02/09/2025 Books
    Library of Congress Classification     Non-fiction Science Library (Miotso) Science Library (Miotso) General stacks 02/09/2025   RC874 GEO SLM00003318 02/09/2025 3 02/09/2025 Books
    Library of Congress Classification     Non-fiction Science Library (Miotso) Science Library (Miotso) General stacks 02/09/2025   RC874 GEO SLM00003319 02/09/2025 4 02/09/2025 Books
    Library of Congress Classification     Non-fiction Science Library (Miotso) Science Library (Miotso) General stacks 02/09/2025   RC874 GEO SLM00003320 02/09/2025 5 02/09/2025 Books
    Library of Congress Classification     Non-fiction Science Library (Miotso) Science Library (Miotso) General stacks 02/09/2025   RC874 GEO SLM00003321 02/09/2025 6 02/09/2025 Books
    Library of Congress Classification     Non-fiction Science Library (Miotso) Science Library (Miotso) General stacks 02/09/2025   RC874 GEO SLM00003322 02/09/2025 7 02/09/2025 Books
© 2023-2024 Copyright: Central University Libraries. All Rights Reserved | Created by: Mahone Tech Office